NHL Prince of Wales Trophy Winners - Statistics

General Stats
  • This quiz has been taken 24 times
    21 since last reset
  • The average score is 30 of 39
Answer Stats
Season Winner % Correct
1985-86 Montreal Canadiens
94%
1992-93 Montreal Canadiens
94%
1988-89 Montreal Canadiens
88%
1981-82 New York Islanders
88%
1982-83 New York Islanders
88%
1983-84 New York Islanders
88%
1993-94 New York Rangers
88%
1994-95 New Jersey Devils
82%
1999-00 New Jersey Devils
82%
2000-01 New Jersey Devils
82%
2015-16 Pittsburgh Penguins
82%
2016-17 Pittsburgh Penguins
82%
1987-88 Boston Bruins
76%
1989-90 Boston Bruins
76%
2018-19 Boston Bruins
76%
2005-06 Carolina Hurricanes
76%
2002-03 New Jersey Devils
76%
1984-85 Philadelphia Flyers
76%
2009-10 Philadelphia Flyers
76%
1990-91 Pittsburgh Penguins
76%
1991-92 Pittsburgh Penguins
76%
2003-04 Tampa Bay Lightning
76%
2014-15 Tampa Bay Lightning
76%
2019-20 Tampa Bay Lightning
76%
2020-21 Tampa Bay Lightning
76%
2017-18 Washington Capitals
76%
2010-11 Boston Bruins
71%
2012-13 Boston Bruins
71%
1998-99 Buffalo Sabres
71%
2001-02 Carolina Hurricanes
71%
2011-12 New Jersey Devils
71%
2013-14 New York Rangers
71%
1986-87 Philadelphia Flyers
71%
2007-08 Pittsburgh Penguins
71%
2008-09 Pittsburgh Penguins
71%
1995-96 Florida Panthers
59%
2006-07 Ottawa Senators
59%
1996-97 Philadelphia Flyers
53%
1997-98 Washington Capitals
47%
No matching quizzes found
Score Distribution
Percent of People with Each Score
Percentile by Number Answered
Your Score History
You have not taken this quiz since the last reset